000 00516nam a2200193Ia 4500
005 20221110105832.0
008 131103s9999 xx 000 0 und d
040 _aLoreto College
041 _aEnglish
082 _a954.03
_bBAM
100 _aBamford,P.C.
245 _aHistories of the non - co - operation and Khalighat Movement
_cP.C.Bamford
260 _aDelhi
_bDeep Publications
_c1974
300 _axiv,270 p.
504 _aIncludes index
650 _aModern History
850 _aLCLIB
942 _cBK
999 _c9576
_d60055